| 000 | 00420nam a2200157Ia 4500 | ||
|---|---|---|---|
| 008 | 210716s2010 xx 000 0 und d | ||
| 020 | _a9788125939917 | ||
| 041 | _aeng | ||
| 082 | _a004.22 BASP | ||
| 100 | _aBasu, P N. | ||
| 245 | _aComputer organization and architecture. | ||
| 250 | _a1 | ||
| 260 |
_aNew Delhi _bVikas Publishing House _c2010 |
||
| 300 | _axvi,288 | ||
| 650 | _aComputer Architecture/Organization | ||
| 999 |
_c191814 _d191814 |
||